What the Bible is all about. (Record no. 3333)

000 -LEADER
fixed length control field 01073nam a2200241 a 4500
001 - CONTROL NUMBER
control field :::00001063$&:&@@
003 - CONTROL NUMBER IDENTIFIER
control field OkBaRHE
005 - DATE AND TIME OF LATEST TRANSACTION
control field 20000607103241.0
008 - FIXED-LENGTH DATA ELEMENTS--GENERAL INFORMATION
fixed length control field s1983 j 000 0 eng u
040 ## - CATALOGING SOURCE
Transcribing agency
100 1# - MAIN ENTRY--PERSONAL NAME
Personal name Mears, Henrietta Cornelia, 1890-
245 10 - TITLE STATEMENT
Title What the Bible is all about.
Statement of responsibility, etc Foreword by Billy Graham.
250 ## - EDITION STATEMENT
Edition statement Rev. and updated.
260 ## - PUBLICATION, DISTRIBUTION, ETC. (IMPRINT)
Place of publication, distribution, etc Ventura, CA., :
Name of publisher, distributor, etc Regal Books
Date of publication, distribution, etc c1983
300 ## - PHYSICAL DESCRIPTION
Extent 648 p., [6] p. of plates : maps ;
Dimensions 21 cm.
650 ## - SUBJECT ADDED ENTRY--TOPICAL TERM
Topical term or geographic name as entry element Bible
General subdivision Criticism, Interpretation, etc.
942 ## - ADDED ENTRY ELEMENTS (KOHA)
Source of classification or shelving scheme
Koha item type Books
Copies
Full call number Date acquired Damaged status Koha item type Lost status Barcode Shelving location Copy number Permanent Location Price effective from Withdrawn status Source of classification or shelving scheme Not for loan Date last seen
BS 511.2 .M422010-04-14 Books 1063General Stacks1RHEMA Bible Training College2010-04-14   2010-04-14
BS 511.2 .M422010-04-14 Books 16631General Stacks2RHEMA Bible Training College2010-04-14   2010-04-14
BS 511.2 .M422010-04-14 Books 19593General Stacks3RHEMA Bible Training College2010-04-14   2010-04-14
BS 511.2 .M422010-04-14 Books 20484General Stacks4RHEMA Bible Training College2010-04-14   2010-04-14
BS 511.2 .M422010-04-14 Books 21075General Stacks5RHEMA Bible Training College2010-04-14   2010-04-14